000 00190 a2200097 4500
020 _a9780153199097
041 _aspa
100 _aHoffman, Mary
245 _aLa Asombrosa Graciela
942 _cBK
999 _c3702
_d3702